000 00557nam a2200217Ia 4500
003 BUBTL
008 151213s9999 xx 000 0 und d
082 _a364 / Q449c / 1975
100 _a Quinney, Richard
_94197
245 _aCriminology
_cRichard Quinney
250 _a2nd
260 _aU . S. A
_bLittle Brown Co.
_cc1975
300 _a453 p. :
_c22 cm.
500 _aIncludes Index
650 _aLaw
650 _aLaw
_94198
700 _aRichard Quinney
856 _k0
_l0
_yDownload
942 _2ddc
_cBK
999 _c2474
_d2474